| 000 | 00800nai a2200205Ia 4500 | ||
|---|---|---|---|
| 003 | IN-BaIIA | ||
| 008 | 211028c9999 xx s 000 0 eng d | ||
| 022 | _a2687-9735 (Print) | ||
| 022 | _a2687-9743 (Online) | ||
| 040 | _cIIA Library | ||
| 245 | 0 |
_aIEEE Journal of Emerging and Selected Topics in Industrial Electronics _h[eJournal] |
|
| 260 |
_aNew York, USA _bThe Institute of Electrical and Electronics Engineers, Inc. (IEEE) |
||
| 310 | _aQuarterly | ||
| 362 | _a1(1); 2020 - Present | ||
| 521 | _bSubscribed through National Knowledge Resource Consortium (NKRC) | ||
| 650 |
_a Robotics and Control Systems _948835 |
||
| 650 | _aPower, Energy and Industry Applications | ||
| 856 |
_uhttps://ieeexplore.ieee.org/servlet/opac?punumber=8847244 _yClick Here to Access eJournal |
||
| 942 | _cEJ | ||
| 999 |
_c34518 _d34518 |
||